Taylor Swift Songs Beginning With "E" - Statistics

General Stats
  • This quiz has been taken 93 times
  • The average score is 5 of 8
Answer Stats
Songs % Correct
evermore
94%
End Game
76%
exile
76%
Enchanted
73%
Everything Has Changed
71%
epiphany
60%
Electric Touch
46%
Eyes Open
40%
No matching quizzes found
Score Distribution
Percent of People with Each Score
Percentile by Number Answered
Your Score History
You have not taken this quiz